| 000 | 005070000a22001930004500 | ||
|---|---|---|---|
| 003 | LK-CoMWRAF | ||
| 008 | 230817t ||||| |||| 00| 0 eng d | ||
| 040 |
_aLK-CoMWRAF _dLK-CoMWRAF _eLK-CoMWRAF |
||
| 041 | _aeng | ||
| 082 |
_a360 _bCHA |
||
| 245 |
_aChanging profiles of women _bpart two women and culture |
||
| 260 |
_aColombo _bMarga Institure _c1989 |
||
| 300 | _ap.65 | ||
| 490 | _aMarga vol.10,No.3 | ||
| 650 | _awomen & culture | ||
| 650 | _awomen & religion | ||
| 650 | _awomen-SL | ||
| 942 | _cBK | ||
| 999 |
_c2476 _d2476 |
||